[Event "BL2-West 1819"]
[Site "Germany"]
[Date "2018.11.11"]
[Round "2.8"]
[White "Heinbuch, Detlef Ulrich"]
[Black "Titgemeyer, Sven"]
[Result "1-0"]
[WhiteElo "2290"]
[BlackElo "2065"]
[PlyCount "103"]
[EventDate "2018.11.21"]
[EventType "team-tourn"]
[EventRounds "9"]
[EventCountry "GER"]
[SourceTitle "CBM 190 Extra"]
[Source "ChessBase"]
[SourceDate "2019.07.15"]
[SourceVersion "1"]
[SourceVersionDate "2019.07.15"]
[SourceQuality "1"]
[WhiteTeam "Bochum SV"]
[BlackTeam "Aachen SV"]
[WhiteTeamCountry "GER"]
[BlackTeamCountry "GER"]

1. c4 e6 2. g3 d5 3. Nf3 Nf6 4. Bg2 c5 5. cxd5 exd5 6. d4 Nc6 7. 0-0 Be7 8. Nc3 0-0 9. Bg5 Bg4 10. dxc5 d4 11. Bxf6 Bxf6 12. Ne4 Re8 13. Ne1 Be5 14. Nd3 Qd7 15. Re1 Bc7 16. Nd2 Re7 17. a3 Rae8 18. Nf3 Ne5 19. Nfxe5 Bxe5 20. Rc1 Bb8 21. Bf3 Bxf3 22. exf3 Rxe1+ 23. Nxe1 Be5 24. Nd3 Bf6 25. Qc2 h6 26. Re1 Rxe1+ 27. Nxe1 Qc6 28. b4 b6 29. cxb6 Qxc2 30. Nxc2 axb6 31. Ne1 Kf8 32. Kf1 Ke7 33. Ke2 Kd6 34. Kd3 Kd5 35. f4 b5 36. f5 Bg5 37. f4 Bd8 38. Nf3 Bb6 39. Ne5 f6 40. Ng6 Bd8 41. Nf8 Bb6 42. Ne6 g5 43. fxg5 hxg5 44. h4 gxh4 45. gxh4 Ke5 46. Ng7 Kf4 47. h5 Kg5 48. Ke4 Kh6 49. Ne6 Kxh5 50. Nxd4 Bxd4 51. Kxd4 Kg4 52. a4 1-0

[Event "Mittelrhein Regionalliga 16/17"]
[Site "Nordrheinwestfalen"]
[Date "2017.04.09"]
[Round "10.2"]
[White "Titgemeyer, Sven"]
[Black "Schalow, Daniel"]
[Result "1/2-1/2"]
[WhiteElo "2010"]
[BlackElo "2050"]
[PlyCount "79"]
[EventDate "2016.09.11"]
[EventType "team-tourn"]
[EventRounds "11"]
[EventCountry "GER"]
[SourceTitle "EXT 2022"]
[Source "ChessBase"]
[SourceDate "2021.10.06"]
[SourceVersion "1"]
[SourceVersionDate "2021.10.06"]
[SourceQuality "1"]
[WhiteTeam "Aachen SV II"]
[BlackTeam "Langenfeld"]
[WhiteTeamCountry "GER"]
[BlackTeamCountry "GER"]

1. e4 d5 2. exd5 Qxd5 3. Nc3 Qa5 4. d4 Nf6 5. Bc4 Bg4 6. Nf3 e6 7. 0-0 Nc6 8. h3 Bxf3 9. Qxf3 0-0-0 10. Be3 Nxd4 11. Bxd4 Rxd4 12. Bd3 Rd7 13. Ne4 Nxe4 14. Bxe4 c6 15. Rad1 Rxd1 16. Rxd1 Qc7 17. Qe3 a6 18. Qa7 Bd6 19. Qa8+ Qb8 20. Qxb8+ Bxb8 21. Kf1 Be5 22. c3 Kc7 23. Ke2 g6 24. Bc2 h5 25. Bb3 h4 26. Bc2 Rh5 27. Be4 Bd6 28. Rd4 e5 29. Rd2 f5 30. Bc2 Rg5 31. Kf1 Kd7 32. Bd1 Ke7 33. g3 f4 34. gxh4 Rf5 35. Bc2 Rf6 36. f3 Kf7 37. Rg2 Be7 38. Bb3+ Kg7 39. h5 Rd6 40. Rxg6+ 1/2-1/2

[Event "Mittelrhein Regionalliga 16/17"]
[Site "Nordrheinwestfalen"]
[Date "2017.01.08"]
[Round "6.2"]
[White "Titgemeyer, Sven"]
[Black "Tendick, Frank"]
[Result "1/2-1/2"]
[WhiteElo "2010"]
[BlackElo "2079"]
[PlyCount "72"]
[EventDate "2016.09.11"]
[EventType "team-tourn"]
[EventRounds "11"]
[EventCountry "GER"]
[SourceTitle "EXT 2022"]
[Source "ChessBase"]
[SourceDate "2021.10.06"]
[SourceVersion "1"]
[SourceVersionDate "2021.10.06"]
[SourceQuality "1"]
[WhiteTeam "Aachen SV II"]
[BlackTeam "Dormagen SV"]
[WhiteTeamCountry "GER"]
[BlackTeamCountry "GER"]

1. e4 e6 2. d4 d5 3. Nd2 c5 4. exd5 exd5 5. dxc5 Bxc5 6. Nb3 Bb6 7. Nf3 Nc6 8. c3 Nge7 9. Be2 0-0 10. 0-0 Bg4 11. Bf4 Bc7 12. Bxc7 Qxc7 13. Nfd4 Bxe2 14. Qxe2 Ng6 15. Rad1 Rad8 16. Rfe1 a5 17. Qb5 Nf4 18. Nxc6 bxc6 19. Qxa5 Qd6 20. Qc5 Qg6 21. g3 Nd3 22. Rxd3 Qxd3 23. Qxc6 Qc2 24. Nc5 Qxb2 25. Nd7 Qd2 26. Re7 Rc8 27. Qb5 Rfd8 28. Ne5 Qxc3 29. Nxf7 Qf3 30. Qb2 Qxf7 31. Rxf7 Kxf7 32. Qd4 Rc4 33. Qa7+ Kg8 34. Qb6 Rcc8 35. Qd4 Rd7 36. g4 Rdd8 1/2-1/2

[Event "Mittelrhein Regionalliga 16/17"]
[Site "Nordrheinwestfalen"]
[Date "2016.12.18"]
[Round "5.4"]
[White "Hoffmann, Max"]
[Black "Titgemeyer, Sven"]
[Result "0-1"]
[WhiteElo "2057"]
[BlackElo "2010"]
[PlyCount "104"]
[EventDate "2016.09.11"]
[EventType "team-tourn"]
[EventRounds "11"]
[EventCountry "GER"]
[SourceTitle "EXT 2022"]
[Source "ChessBase"]
[SourceDate "2021.10.06"]
[SourceVersion "1"]
[SourceVersionDate "2021.10.06"]
[SourceQuality "1"]
[WhiteTeam "Aachen DJK Aufwärts III"]
[BlackTeam "Aachen SV II"]
[WhiteTeamCountry "GER"]
[BlackTeamCountry "GER"]

1. Nf3 e6 2. c4 d5 3. b3 c5 4. e3 Nc6 5. Bb2 Nf6 6. g3 Bd6 7. Bg2 0-0 8. 0-0 b6 9. Qe2 Bb7 10. d4 Qe7 11. Nc3 Rac8 12. Nb5 Bb8 13. Rac1 a6 14. Nc3 cxd4 15. exd4 Rfd8 16. Na4 Ba7 17. Rfd1 Ne4 18. Ne5 Nf6 19. c5 bxc5 20. dxc5 Nxe5 21. Bxe5 Bxc5 22. Nxc5 Rxc5 23. Bd4 Rcc8 24. Qb2 Ne8 25. b4 Rxc1 26. Rxc1 Rc8 27. Rxc8 Bxc8 28. Bf1 Qb7 29. Bd3 Bd7 30. h4 Bb5 31. Bb1 Qc6 32. h5 h6 33. Qd2 Qc4 34. Bc2 Qf1+ 35. Kh2 Qe2 36. Qxe2 Bxe2 37. a4 Nf6 38. Kg2 Kf8 39. f3 Nxh5 40. Bc3 Ke7 41. Kf2 Bc4 42. b5 axb5 43. Bb4+ Kd7 44. a5 Kc6 45. Bf8 g6 46. Bxh6 b4 47. Be3 Nf6 48. Bd4 Nd7 49. f4 Nc5 50. Ke3 Kb5 51. Bxc5 Kxc5 52. Ba4 f6 0-1

[Event "Mittelrhein Regionalliga 16/17"]
[Site "Nordrheinwestfalen"]
[Date "2016.09.11"]
[Round "1.5"]
[White "Graf, Peter"]
[Black "Titgemeyer, Sven"]
[Result "1-0"]
[WhiteElo "1916"]
[BlackElo "2010"]
[PlyCount "141"]
[EventDate "2016.09.11"]
[EventType "team-tourn"]
[EventRounds "11"]
[EventCountry "GER"]
[SourceTitle "EXT 2022"]
[Source "ChessBase"]
[SourceDate "2021.10.06"]
[SourceVersion "1"]
[SourceVersionDate "2021.10.06"]
[SourceQuality "1"]
[WhiteTeam "Koeln SF II"]
[BlackTeam "Aachen SV II"]
[WhiteTeamCountry "GER"]
[BlackTeamCountry "GER"]

1. e4 e5 2. Nf3 Nc6 3. Bc4 Nf6 4. d3 Be7 5. a4 0-0 6. 0-0 Kh8 7. Re1 d6 8. h3 Ng8 9. c3 f5 10. b4 Qe8 11. Nbd2 Qh5 12. Nf1 f4 13. N3h2 Qg6 14. Kh1 Nd8 15. Nd2 Nf7 16. Ndf3 Ng5 17. Nxg5 Bxg5 18. Qf3 Nf6 19. b5 b6 20. a5 Bb7 21. a6 Bc8 22. d4 Bd7 23. d5 Bh4 24. Bd3 Bg5 25. Rf1 Qh6 26. Be2 Qg6 27. Ra4 Rg8 28. Qd3 Raf8 29. Bf3 Qe8 30. c4 Bh6 31. Qe2 Qc8 32. Ra3 g5 33. Bg4 Nxg4 34. hxg4 Rg6 35. Rh3 Rff6 36. f3 Qf8 37. Kg1 Qg7 38. Kf2 Kg8 39. Rh1 Kf8 40. Nf1 Ke8 41. Nd2 Kd8 42. Nb3 Qe7 43. Qe1 Kc8 44. R1h2 Qf8 45. Bb2 Qe7 46. Qh1 Qf8 47. Nc1 Be8 48. Nd3 Bf7 49. c5 Bg8 50. cxb6 cxb6 51. Qc1+ Kd8 52. Nb4 Rf7 53. Qc6 Rc7 54. Qa8+ Kd7 55. Qxf8 Bxf8 56. Nc6 Ke8 57. Rh1 Rf6 58. Rc1 Rff7 59. Rhh1 Rfd7 60. Rc4 Be7 61. Rhc1 Bd8 62. Ba3 Bf7 63. Nb8 Rxc4 64. Rxc4 Rc7 65. Rxc7 Bxc7 66. Nc6 Kd7 67. Nxa7 Be8 68. Ke2 h5 69. gxh5 Bxh5 70. Nc6 Kc8 71. Kf2 1-0

[Event "Mittelrhein Verbandsliga-W 15/16"]
[Site "Nordrheinwestfalen"]
[Date "2016.04.10"]
[Round "10.3"]
[White "Titgemeyer, Sven"]
[Black "Schulz, Wilhelm"]
[Result "1/2-1/2"]
[WhiteElo "2045"]
[BlackElo "1983"]
[PlyCount "34"]
[EventDate "2015.09.06"]
[EventType "team-tourn"]
[EventRounds "11"]
[EventCountry "GER"]
[SourceTitle "EXT 2022"]
[Source "ChessBase"]
[SourceDate "2021.10.06"]
[SourceVersion "1"]
[SourceVersionDate "2021.10.06"]
[SourceQuality "1"]
[WhiteTeam "Aachen SV II"]
[BlackTeam "Horrem"]
[WhiteTeamCountry "GER"]
[BlackTeamCountry "GER"]

1. e4 d5 2. exd5 Qxd5 3. Nc3 Qd8 4. d4 Nf6 5. Bc4 c6 6. Nf3 b5 7. Bb3 e6 8. Bf4 Nbd7 9. 0-0 Be7 10. Qd3 0-0 11. Ne2 Ba6 12. c3 Nc5 13. Qc2 Nxb3 14. axb3 Bb7 15. b4 Nh5 16. Nd2 Qd5 17. f3 Bxb4 1/2-1/2

[Event "Mittelrhein Verbandsliga-W 15/16"]
[Site "Nordrheinwestfalen"]
[Date "2016.01.10"]
[Round "6.3"]
[White "Olzem, Wolfgang"]
[Black "Titgemeyer, Sven"]
[Result "1/2-1/2"]
[WhiteElo "1828"]
[BlackElo "2045"]
[PlyCount "56"]
[EventDate "2015.09.06"]
[EventType "team-tourn"]
[EventRounds "11"]
[EventCountry "GER"]
[SourceTitle "EXT 2022"]
[Source "ChessBase"]
[SourceDate "2021.10.06"]
[SourceVersion "1"]
[SourceVersionDate "2021.10.06"]
[SourceQuality "1"]
[WhiteTeam "Eilendorf Arminia"]
[BlackTeam "Aachen SV II"]
[WhiteTeamCountry "GER"]
[BlackTeamCountry "GER"]

1. d4 d5 2. Nf3 e6 3. g3 c5 4. Bg2 Nc6 5. 0-0 Nf6 6. b3 Be7 7. Bb2 Ne4 8. dxc5 0-0 9. Nfd2 f5 10. e3 Bxc5 11. Nxe4 fxe4 12. Nc3 Qg5 13. Ne2 b6 14. a3 Ba6 15. c4 Ne5 16. Bxe5 Qxe5 17. b4 Be7 18. b5 Bb7 19. cxd5 Bxd5 20. Qa4 Rac8 21. Rac1 Qb2 22. Rxc8 Rxc8 23. Qxa7 Qxa3 24. Qxb6 Bc5 25. Qa6 Qxa6 26. bxa6 Bc4 27. Re1 Bxa6 28. Bxe4 Bxe2 1/2-1/2

[Event "Mittelrhein Verbandsliga-W 15/16"]
[Site "Nordrheinwestfalen"]
[Date "2015.09.27"]
[Round "2.3"]
[White "Vogt, Thomas"]
[Black "Titgemeyer, Sven"]
[Result "1/2-1/2"]
[WhiteElo "1862"]
[BlackElo "2045"]
[PlyCount "167"]
[EventDate "2015.09.06"]
[EventType "team-tourn"]
[EventRounds "11"]
[EventCountry "GER"]
[SourceTitle "EXT 2022"]
[Source "ChessBase"]
[SourceDate "2021.10.06"]
[SourceVersion "1"]
[SourceVersionDate "2021.10.06"]
[SourceQuality "1"]
[WhiteTeam "Dueren Derichsweiler"]
[BlackTeam "Aachen SV II"]
[WhiteTeamCountry "GER"]
[BlackTeamCountry "GER"]

1. c4 e6 2. Nf3 d5 3. g3 c5 4. Bg2 Nf6 5. 0-0 Nc6 6. a3 Bd6 7. d3 0-0 8. Nbd2 a6 9. Qc2 Qc7 10. b3 Rd8 11. cxd5 exd5 12. Bb2 Ne5 13. h3 Be6 14. e3 Bf5 15. Nxe5 Bxe5 16. Bxe5 Qxe5 17. Nf3 Qd6 18. Nh4 Be6 19. d4 Rac8 20. dxc5 Rxc5 21. Qd3 Rdc8 22. Qd4 Qd7 23. Kh2 Qb5 24. b4 Rc4 25. Qe5 Nd7 26. Qb2 Rc2 27. Qb1 Ne5 28. Qd1 Nd3 29. Kg1 Nc1 30. Nf3 Nb3 31. Nd4 Nxd4 32. Qxd4 f6 33. Rad1 R8c4 34. Qa7 R2c3 35. Qb8+ Kf7 36. Ra1 g5 37. Rfd1 Rc8 38. Qa7 R8c7 39. Qd4 R7c4 40. Qd2 Rc2 41. Qd3 Kg7 42. Bxd5 Bxd5 43. Qxd5 Qxd5 44. Rxd5 Rb2 45. Rd7+ Kg6 46. Rxb7 Rcc2 47. Rf1 Ra2 48. Ra7 Rxa3 49. b5 a5 50. b6 Rb2 51. b7 Raa2 52. g4 h5 53. gxh5+ Kxh5 54. Rc1 Rb6 55. Rc6 Rb1+ 56. Kg2 Kg6 57. Raa6 Rxb7 58. Rxf6+ Kh7 59. Rh6+ Kg8 60. Rhc6 Rf7 61. Rf6 a4 62. Rxf7 Kxf7 63. Kg3 a3 64. Kg4 Rxf2 65. Rxa3 Rg2+ 66. Kf3 Rg1 67. Ra4 Kf6 68. h4 gxh4 69. Rxh4 Rg6 70. Ke4 Ke7 71. Rh5 Ra6 72. Rh7+ Ke8 73. Ke5 Ra5+ 74. Kf4 Ra4+ 75. e4 Ra6 76. Rb7 Kf8 77. Kf5 Ke8 78. e5 Kf8 79. e6 Ra1 80. Rc7 Rf1+ 81. Ke5 Re1+ 82. Kd6 Rd1+ 83. Ke5 Re1+ 84. Kd6 1/2-1/2

[Event "Oberliga NRW 1213"]
[Site "Germany"]
[Date "2013.03.10"]
[Round "7.8"]
[White "Titgemeyer, Sven"]
[Black "Maslak, Sulejman"]
[Result "1/2-1/2"]
[WhiteElo "1963"]
[BlackElo "2226"]
[PlyCount "89"]
[EventDate "2012.09.16"]
[EventType "team-tourn"]
[EventRounds "9"]
[EventCountry "GER"]
[SourceTitle "EXT 2017"]
[Source "ChessBase"]
[SourceDate "2016.10.25"]
[SourceVersion "1"]
[SourceVersionDate "2016.10.25"]
[SourceQuality "1"]
[WhiteTeam "Aachen"]
[BlackTeam "Duisburg PSV"]
[WhiteTeamCountry "GER"]
[BlackTeamCountry "GER"]

1. e4 e6 2. d4 d5 3. Nd2 Nf6 4. e5 Nfd7 5. Bd3 c5 6. c3 Nc6 7. Ne2 cxd4 8. cxd4 Qb6 9. Nf3 Bb4+ 10. Bd2 Bxd2+ 11. Qxd2 Qb4 12. 0-0 Qxd2 13. Nxd2 f5 14. a3 a5 15. Rac1 Nb6 16. Nb3 Ke7 17. Nc5 g5 18. Rc3 Nd7 19. Na4 Na7 20. Rb3 b5 21. Nc5 Nxc5 22. dxc5 Nc6 23. Bxb5 Nxe5 24. Nd4 Kf6 25. Re1 Ng6 26. Bc6 Ra6 27. Bb7 Bxb7 28. Rxb7 e5 29. Nb5 d4 30. Rc1 Ne7 31. Nd6 a4 32. Nc4 Nd5 33. Nb6 Ke6 34. Kf1 g4 35. Rc4 f4 36. Nxa4 Rc8 37. Rxh7 Rxa4 38. Rxa4 Rxc5 39. Ra6+ Kf5 40. f3 Ne3+ 41. Ke2 Kg5 42. h4+ gxh3 43. gxh3 Nf5 44. Kd2 Nh4 45. Rg7+ 1/2-1/2

[Event "Oberliga NRW 1213"]
[Site "Germany"]
[Date "2013.02.17"]
[Round "6.8"]
[White "Samak, Alexander"]
[Black "Titgemeyer, Sven"]
[Result "1/2-1/2"]
[WhiteElo "2043"]
[BlackElo "1963"]
[PlyCount "77"]
[EventDate "2012.09.16"]
[EventType "team-tourn"]
[EventRounds "9"]
[EventCountry "GER"]
[SourceTitle "EXT 2017"]
[Source "ChessBase"]
[SourceDate "2016.10.25"]
[SourceVersion "1"]
[SourceVersionDate "2016.10.25"]
[SourceQuality "1"]
[WhiteTeam "Koeln SF"]
[BlackTeam "Aachen"]
[WhiteTeamCountry "GER"]
[BlackTeamCountry "GER"]

1. e4 e5 2. Nc3 Nf6 3. f4 d5 4. exd5 exf4 5. Bb5+ Nbd7 6. d4 a6 7. Ba4 b5 8. Bb3 Nb6 9. Bxf4 Bb7 10. Nf3 Nfxd5 11. Nxd5 Nxd5 12. Bg3 Be7 13. 0-0 0-0 14. c3 Ne3 15. Qd3 Nxf1 16. Rxf1 Bf6 17. Ne5 c5 18. Bc2 g6 19. dxc5 Bxe5 20. Bxe5 Qg5 21. Qg3 Qxg3 22. Bxg3 Bd5 23. Rd1 Bc6 24. a3 Rfe8 25. Kf2 Rac8 26. b4 Bxg2 27. Kxg2 Re2+ 28. Kf3 Rxc2 29. Rd3 Kf8 30. Ke4 Ke7 31. Bh4+ f6 32. Bg3 Re2+ 33. Kd5 Re6 34. Bd6+ Kd7 35. c4 h5 36. cxb5 axb5 37. a4 Rxd6+ 38. cxd6 Rc6 39. a5 1/2-1/2

[Event "Oberliga NRW 1213"]
[Site "Germany"]
[Date "2012.12.16"]
[Round "4.8"]
[White "Evers, Leo"]
[Black "Titgemeyer, Sven"]
[Result "1-0"]
[WhiteElo "2033"]
[BlackElo "1963"]
[PlyCount "93"]
[EventDate "2012.09.16"]
[EventType "team-tourn"]
[EventRounds "9"]
[EventCountry "GER"]
[SourceTitle "EXT 2017"]
[Source "ChessBase"]
[SourceDate "2016.10.25"]
[SourceVersion "1"]
[SourceVersionDate "2016.10.25"]
[SourceQuality "1"]
[WhiteTeam "Koeln Porz II"]
[BlackTeam "Aachen"]
[WhiteTeamCountry "GER"]
[BlackTeamCountry "GER"]

1. d4 Nf6 2. c4 c5 3. d5 b5 4. cxb5 a6 5. f3 d6 6. e4 Nbd7 7. a4 axb5 8. Bxb5 Ba6 9. Na3 g6 10. Ne2 Bg7 11. Nc3 0-0 12. 0-0 Qb6 13. Be3 Ne5 14. Rc1 Qa5 15. b3 Qb4 16. Bxa6 Rxa6 17. Ncb5 Qa5 18. Kh1 Rc8 19. Bd2 Qb6 20. Bc3 Ne8 21. f4 Nd7 22. Nc4 Qb8 23. Na5 Bxc3 24. Nc6 Qb7 25. Nxe7+ Kf8 26. Nxc8 Bf6 27. Nca7 Rxa7 28. Nxa7 Qxa7 29. Qd3 Qb7 30. Rfe1 Kg7 31. Qg3 Bd4 32. Re2 Nc7 33. Rd2 Nf6 34. Rxd4 cxd4 35. Qd3 Qb6 36. Rc6 Qb4 37. h3 Nce8 38. Rc1 Nd7 39. Rc4 Qb6 40. b4 Nc7 41. Qxd4+ Qxd4 42. Rxd4 Kf6 43. Rc4 Na6 44. e5+ dxe5 45. Rc6+ Kf5 46. Rxa6 Kxf4 47. Ra7 1-0

[Event "Mittelrhein Verbandsliga-W 1112"]
[Site "Germany"]
[Date "2012.05.06"]
[Round "10.1"]
[White "Meirick, Ingo"]
[Black "Titgemeyer, Sven"]
[Result "1/2-1/2"]
[WhiteElo "2113"]
[BlackElo "1968"]
[PlyCount "81"]
[EventDate "2011.09.18"]
[EventType "team-tourn"]
[EventRounds "11"]
[EventCountry "GER"]
[SourceTitle "EXT 2013"]
[Source "ChessBase"]
[SourceDate "2012.11.22"]
[SourceVersion "1"]
[SourceVersionDate "2012.11.22"]
[SourceQuality "1"]
[WhiteTeam "Herzogenrath"]
[BlackTeam "Aachen II"]
[WhiteTeamCountry "GER"]
[BlackTeamCountry "GER"]

1. d4 Nf6 2. c4 c5 3. d5 b5 4. cxb5 a6 5. bxa6 Bxa6 6. Nc3 d6 7. Nf3 g6 8. g3 Bg7 9. Bg2 Nbd7 10. 0-0 0-0 11. Qc2 Qa5 12. Bd2 Rfb8 13. Rfd1 Ng4 14. h3 Nge5 15. Nxe5 Nxe5 16. b3 c4 17. Rab1 Kf8 18. Na4 Qd8 19. Be3 cxb3 20. axb3 Bb5 21. Nc3 Rc8 22. Bd4 Qa5 23. Qb2 Nf3+ 24. Bxf3 Bxd4 25. Rxd4 Rxc3 26. Rd2 Rac8 27. Rc2 Kg8 28. Rbc1 Rxc2 29. Rxc2 Rxc2 30. Qxc2 Qe1+ 31. Kg2 h5 32. Qe4 Kf8 33. Qd4 Kg8 34. Qe4 Kf8 35. g4 hxg4 36. hxg4 Qd1 37. Qe3 Qe1 38. g5 Ba6 39. Qd4 Kg8 40. Qe4 Kf8 41. Qd4 1/2-1/2

[Event "Mittelrhein Verbandsliga-W 1112"]
[Site "Germany"]
[Date "2012.03.18"]
[Round "8.2"]
[White "Titgemeyer, Sven"]
[Black "Lukac, Sasa"]
[Result "1-0"]
[WhiteElo "1968"]
[BlackElo "1787"]
[PlyCount "55"]
[EventDate "2011.09.18"]
[EventType "team-tourn"]
[EventRounds "11"]
[EventCountry "GER"]
[SourceTitle "EXT 2013"]
[Source "ChessBase"]
[SourceDate "2012.11.22"]
[SourceVersion "1"]
[SourceVersionDate "2012.11.22"]
[SourceQuality "1"]
[WhiteTeam "Aachen II"]
[BlackTeam "Brand SF"]
[WhiteTeamCountry "GER"]
[BlackTeamCountry "GER"]

1. e4 e6 2. d4 d5 3. Nd2 b6 4. c3 Bb7 5. Bd3 Be7 6. e5 c5 7. Ne2 Nc6 8. Nf3 Qc7 9. 0-0 h6 10. a3 g5 11. b4 c4 12. Bb1 a6 13. Ne1 f5 14. exf6 Nxf6 15. Bg6+ Kd7 16. f4 Raf8 17. Nf3 Bd6 18. Ne5+ Bxe5 19. fxe5 Nxe5 20. dxe5 Qxe5 21. Nd4 Ng4 22. Qxg4 Rxf1+ 23. Kxf1 Rf8+ 24. Bf5 exf5 25. Qe2 Qd6 26. Bd2 g4 27. Re1 f4 28. Qxg4+ 1-0

[Event "Mittelrhein Verbandsliga-W 1112"]
[Site "Germany"]
[Date "2011.10.09"]
[Round "2.2"]
[White "Titgemeyer, Sven"]
[Black "Pick, Stefan"]
[Result "1/2-1/2"]
[WhiteElo "1968"]
[BlackElo "2057"]
[PlyCount "85"]
[EventDate "2011.09.18"]
[EventType "team-tourn"]
[EventRounds "11"]
[EventCountry "GER"]
[SourceTitle "EXT 2013"]
[Source "ChessBase"]
[SourceDate "2012.11.22"]
[SourceVersion "1"]
[SourceVersionDate "2012.11.22"]
[SourceQuality "1"]
[WhiteTeam "Aachen II"]
[BlackTeam "Kerpen SK"]
[WhiteTeamCountry "GER"]
[BlackTeamCountry "GER"]

1. e4 c5 2. Nf3 d6 3. d4 cxd4 4. Nxd4 Nf6 5. Nc3 a6 6. Bg5 e6 7. f4 Qb6 8. Qd2 Qxb2 9. Rb1 Qa3 10. e5 Nfd7 11. Rb3 Qa5 12. exd6 Nc5 13. Rb1 f6 14. Bh4 Bxd6 15. Nb3 Qc7 16. Nxc5 Bxc5 17. Ne4 Be7 18. Bd3 f5 19. Ng5 h6 20. Nf3 Bxh4+ 21. Nxh4 0-0 22. 0-0 Nc6 23. Qe3 b5 24. Kh1 Bd7 25. c4 Qa7 26. Qg3 Ne7 27. cxb5 Bxb5 28. Bxb5 axb5 29. Rxb5 Qxa2 30. Ng6 Nxg6 31. Qxg6 Qe2 32. Rbb1 Rf6 33. Qg3 Kh7 34. Rfe1 Qa6 35. Qf2 Qc6 36. Rbc1 Qd5 37. Rcd1 Ra2 38. Rxd5 Rxf2 39. Rd4 Ra2 40. Rd6 e5 41. Rxf6 gxf6 42. fxe5 fxe5 43. g4 1/2-1/2

[Event "Moehnesee Cup-A 37th"]
[Site "Moehnesee"]
[Date "2011.09.04"]
[Round "7"]
[White "Ackermann, Frank"]
[Black "Titgemeyer, Sven"]
[Result "1-0"]
[WhiteElo "2088"]
[BlackElo "1997"]
[PlyCount "61"]
[EventDate "2011.09.01"]
[EventType "swiss"]
[EventRounds "7"]
[EventCountry "GER"]
[SourceTitle "EXT 2013"]
[Source "ChessBase"]
[SourceDate "2012.11.22"]
[SourceVersion "1"]
[SourceVersionDate "2012.11.22"]
[SourceQuality "1"]

1. d4 Nf6 2. Nf3 d5 3. c4 c6 4. Nc3 e6 5. e3 Nbd7 6. Bd3 dxc4 7. Bxc4 b5 8. Bd3 Bb7 9. 0-0 a6 10. e4 c5 11. d5 Qc7 12. dxe6 fxe6 13. Qe2 0-0-0 14. Bg5 h6 15. Bh4 g5 16. Bg3 e5 17. a4 c4 18. Bc2 b4 19. Nd5 Nxd5 20. exd5 Bxd5 21. Nxe5 Re8 22. Bf5 Kb7 23. Qh5 Nf6 24. Qg6 Qe7 25. Bc2 b3 26. Bd1 Ne4 27. Bf3 Rg8 28. Qf5 Nf6 29. Nxc4 Bxf3 30. Qxf3+ Ne4 31. Nd6+ 1-0

[Event "Moehnesee Cup-A 37th"]
[Site "Moehnesee"]
[Date "2011.09.04"]
[Round "6"]
[White "Titgemeyer, Sven"]
[Black "Richter, Gerald"]
[Result "1/2-1/2"]
[WhiteElo "1997"]
[BlackElo "2118"]
[PlyCount "48"]
[EventDate "2011.09.01"]
[EventType "swiss"]
[EventRounds "7"]
[EventCountry "GER"]
[SourceTitle "EXT 2013"]
[Source "ChessBase"]
[SourceDate "2012.11.22"]
[SourceVersion "1"]
[SourceVersionDate "2012.11.22"]
[SourceQuality "1"]

1. e4 c5 2. Nf3 e6 3. d4 cxd4 4. Nxd4 a6 5. Bd3 Qc7 6. 0-0 Nc6 7. Be3 Nf6 8. c3 d5 9. exd5 Nxd5 10. Nxc6 Nxe3 11. fxe3 bxc6 12. Nd2 Bd6 13. h3 0-0 14. Ne4 Be7 15. Qh5 f5 16. Nf2 a5 17. e4 Qg3 18. Qf3 Qxf3 19. gxf3 Rd8 20. Rad1 Kf8 21. Bc4 Ba6 22. Bxa6 Rxa6 23. Nd3 Rb6 24. b3 Rb5 1/2-1/2

[Event "Moehnesee Cup-A 37th"]
[Site "Moehnesee"]
[Date "2011.09.02"]
[Round "3"]
[White "Neukoetter, Moritz"]
[Black "Titgemeyer, Sven"]
[Result "0-1"]
[WhiteElo "1707"]
[BlackElo "1997"]
[PlyCount "28"]
[EventDate "2011.09.01"]
[EventType "swiss"]
[EventRounds "7"]
[EventCountry "GER"]
[SourceTitle "EXT 2013"]
[Source "ChessBase"]
[SourceDate "2012.11.22"]
[SourceVersion "1"]
[SourceVersionDate "2012.11.22"]
[SourceQuality "1"]

1. e4 e5 2. Nf3 Nc6 3. Bc4 Nf6 4. 0-0 Nxe4 5. Re1 d5 6. Bb5 Bc5 7. d4 exd4 8. Nxd4 0-0 9. Nxc6 bxc6 10. Bxc6 Bxf2+ 11. Kf1 Ba6+ 12. Re2 Qf6 13. Bxa8 Be3+ 14. Ke1 Qf2+ 0-1

[Event "Moehnesee Cup-A 37th"]
[Site "Moehnesee"]
[Date "2011.09.01"]
[Round "1"]
[White "Titgemeyer, Sven"]
[Black "Boidman, Yuri"]
[Result "1-0"]
[WhiteElo "1997"]
[BlackElo "2444"]
[PlyCount "99"]
[EventDate "2011.09.01"]
[EventType "swiss"]
[EventRounds "7"]
[EventCountry "GER"]
[SourceTitle "EXT 2013"]
[Source "ChessBase"]
[SourceDate "2012.11.22"]
[SourceVersion "1"]
[SourceVersionDate "2012.11.22"]
[SourceQuality "1"]

1. e4 d5 2. exd5 Nf6 3. c4 c6 4. d4 cxd5 5. Nc3 e6 6. c5 Nc6 7. Nf3 b6 8. Bb5 Bd7 9. Bxc6 Bxc6 10. Ne5 Qc8 11. b4 bxc5 12. dxc5 Rb8 13. Qd4 Ne4 14. Bf4 Rb7 15. Nxe4 dxe4 16. Nxc6 Qxc6 17. 0-0 Rd7 18. Qc4 Be7 19. Rfe1 f5 20. Rac1 Kf7 21. b5 Qd5 22. c6 Qxc4 23. Rxc4 Rd5 24. a4 Bc5 25. Be3 Bxe3 26. fxe3 Ke7 27. Rb1 Kd8 28. a5 Kc8 29. c7 Re8 30. b6 axb6 31. axb6 Kb7 32. Ra4 Kc6 33. b7 Kxc7 34. b8Q+ Rxb8 35. Rc4+ Kd6 36. Rxb8 Ke5 37. Rbc8 Rd1+ 38. Kf2 Rd2+ 39. Kg3 Rd3 40. R4c5+ Kf6 41. Rc3 Rd1 42. Rf8+ Ke7 43. Rh8 h6 44. Rc7+ Kf6 45. Rf8+ Ke5 46. Rc5+ Kd6 47. Rd8+ Kxc5 48. Rxd1 g5 49. h4 e5 50. h5 1-0

[Event "Muelheim op 3rd"]
[Site "Muelheim"]
[Date "2011.08.07"]
[Round "7"]
[White "Titgemeyer, Sven"]
[Black "Torres Kuckel, Rafael"]
[Result "1/2-1/2"]
[WhiteElo "1997"]
[BlackElo "2243"]
[PlyCount "87"]
[EventDate "2011.08.04"]
[EventType "swiss"]
[EventRounds "7"]
[EventCountry "GER"]
[SourceTitle "CBM 143 Extra"]
[Source "ChessBase"]
[SourceDate "2011.08.29"]
[SourceVersion "1"]
[SourceVersionDate "2011.08.29"]
[SourceQuality "1"]

1. e4 c5 2. Nf3 e6 3. d4 cxd4 4. Nxd4 Qb6 5. Nb3 Qc7 6. Bd3 a6 7. 0-0 Nf6 8. Nc3 d6 9. f4 Be7 10. Qe2 Nbd7 11. Bd2 b5 12. Rae1 b4 13. Nd1 Bb7 14. c3 a5 15. Kh1 d5 16. e5 Ne4 17. Bxe4 dxe4 18. Nd4 0-0 19. c4 Nc5 20. Nf2 Bh4 21. b3 Bxf2 22. Nb5 Qc6 23. Qxf2 Nd3 24. Qg3 Nxe1 25. Rxe1 Rfd8 26. Nd6 Rxd6 27. exd6 Qxd6 28. Bc1 Qd4 29. h3 h6 30. Kh2 Qd3 31. Be3 Rc8 32. Bb6 Qd6 33. c5 Qd2 34. Qe3 Qxa2 35. Re2 Qa3 36. Qd4 Bc6 37. Re3 a4 38. Rg3 g6 39. Qf6 Qc1 40. Rxg6+ fxg6 41. Qxg6+ Kh8 42. Qxh6+ Kg8 43. Qxe6+ Kh7 44. Bc7 1/2-1/2